MARC

Tag First Indicator Second Indicator Subfields
LEADER 00000cam a2200000 a 4500
001 in00005747653
005 20260326185423.5
006 m o d
007 cr bn||||||ada
008 110307s1982 nyua ob 001 0 eng d
040 |a OCLCE  |b eng  |e pn  |c OCLCE  |d OCLCQ  |d OPELS  |d OCLCQ  |d E7B  |d OCLCF  |d UIU  |d IDEBK  |d DEBSZ  |d OCLCQ  |d LEAUB  |d OCLCQ  |d OCLCO  |d OCLCA  |d OCLCQ  |d OCLCO  |d OCLCQ  |d OCLCO  |d OCLCL  |d OCLCA  |d OCLCQ 
019 |a 842895970 
020 |a 1299363822  |q (ebk) 
020 |a 9781299363823  |q (ebk) 
020 |z 9780124702905 
020 |z 0124702902 
035 |a (OCoLC)705979047  |z (OCoLC)842895970 
037 |a 467632  |b MIL 
042 |a dlr 
050 4 |a QH585  |b .I548 1982 
060 4 |a QH 585  |b I62 1982 
082 0 4 |a 592/.00724  |2 19 
049 |a TXAM 
245 0 0 |a Invertebrate cell culture applications /  |c edited by Karl Maramorosch and Jun Mitsuhashi. 
260 |a New York :  |b Academic Press,  |c 1982. 
300 |a 1 online resource (x, 245 pages) :  |b illustrations 
336 |a text  |b txt  |2 rdacontent 
337 |a computer  |b c  |2 rdamedia 
338 |a online resource  |b cr  |2 rdacarrier 
504 |a Includes bibliographical references and index. 
538 |a Master and use copy. Digital master created according to Benchmark for Faithful Digital Reproductions of Monographs and Serials, Version 1. Digital Library Federation, December 2002.  |u http://purl.oclc.org/DLF/benchrepro0212  |5 MiAaHDL 
583 1 |a digitized  |c 2011  |h HathiTrust Digital Library  |l committed to preserve  |2 pda  |5 MiAaHDL 
588 0 |a Print version record. 
650 0 |a Cell culture. 
650 0 |a Invertebrates  |x Cultures and culture media. 
650 2 |a Arthropods  |x cytology 
650 2 |a Cells, Cultured 
650 6 |a Cellules  |x Culture. 
650 6 |a Invertébrés  |x Cultures et milieux de culture. 
650 7 |a Cell culture  |2 fast 
650 7 |a Invertebrates  |x Cultures and culture media  |2 fast 
650 7 |a Wirbellose  |2 gnd 
650 7 |a Zellkultur  |2 gnd 
650 7 |a Aufsatzsammlung  |2 gnd 
655 7 |a Electronic books.  |2 local 
700 1 |a Maramorosch, Karl. 
700 1 |a Mitsuhashi, Jun. 
710 2 |a ScienceDirect (Online service) 
758 |i has work:  |a Invertebrate Cell Culture Applications (Text)  |1 https://id.oclc.org/worldcat/entity/E39PD3trr3KfMxmf4DHgMBCvVy  |4 https://id.oclc.org/worldcat/ontology/hasWork 
776 0 8 |i Print version:  |t Invertebrate cell culture applications.  |d New York : Academic Press, 1982  |w (DLC) 82003977  |w (OCoLC)8283198 
856 4 0 |u http://proxy.library.tamu.edu/login?url=https://www.sciencedirect.com/science/book/9780124702905  |z Connect to the full text of this electronic book  |t 0 
955 |a Elsevier ScienceDirect 2026-2027 
994 |a 92  |b TXA 
999 f f |i c4003122-7d30-4af8-a913-45071a232b54  |s 1243a486-921c-49c8-a120-10b3df2badbd  |t 0 
952 f f |a Texas A&M University  |b College Station  |c Electronic Resources  |s www_evans  |d Available Online  |t 0  |e QH585 .I548 1982  |h Library of Congress classification 
998 f f |a QH585 .I548 1982  |t 0  |l Available Online